000 00272nam a22001217a 4500
008 181030b xxu||||| |||| 00| 0 eng d
041 _aeng
080 _a101
100 _a24
101 _aFIL
245 _aThe Moral Animus of David Hume
_cSiebert ,D.T
942 _2udc
_cBK
999 _c51137
_d51137